[Event "PNWCC Masters 2020"]
[Site "chess.com INT"]
[Date "2020.05.23"]
[Round "3.29"]
[White "Tay, Brian"]
[Black "Wen, Teddie"]
[Result "0-1"]
[WhiteElo "1898"]
[BlackElo "2071"]
[WhiteFideId "30941083"]
[BlackFideId "30952247"]
[EventDate "2020.05.23"]

1. e4 c5 2. Nf3 d6 3. d4 cxd4 4. Nxd4 Nf6 5. Nc3 g6 6. Be2 Bg7 7. O-O O-O 8. Bg5
Nc6 9. Nb3 a6 10. a4 Bd7 11. Kh1 Rc8 12. f4 Re8 13. Qe1 Na5 14. e5 Nxb3 15. cxb3
dxe5 16. fxe5 Ng4 17. Bxg4 Bxg4 18. Qh4 Be6 19. Rad1 Qa5 20. Bxe7 Bxb3 21. Rde1
Bc4 22. Rf3 Bxe5 23. Rf5 gxf5 24. Qg5+ Bg7 25. Re3 h6 0-1

[Event "PNWCC Masters 2020"]
[Site "chess.com INT"]
[Date "2020.05.23"]
[Round "3.31"]
[White "Rao, Anjaneya"]
[Black "Zhao, Erick"]
[Result "0-1"]
[BlackTitle "CM"]
[WhiteElo "1814"]
[BlackElo "2039"]
[WhiteFideId "30954770"]
[BlackFideId "30946930"]
[EventDate "2020.05.23"]

1. e4 c5 2. Nf3 d6 3. d4 cxd4 4. Nxd4 Nf6 5. Nc3 a6 6. Be3 e5 7. Nb3 Be7 8. f3
Be6 9. Qd2 O-O 10. O-O-O Nbd7 11. h4 b5 12. g4 Nb6 13. Na5 Rc8 14. Nb7 Qc7 15.
Nxd6 b4 16. Bxb6 Qxb6 17. Nxc8 Rxc8 18. Nd5 Bxd5 19. exd5 Bc5 20. Kb1 Bd4 21.
Bd3 Nxd5 22. Qg5 Nc3+ 23. Ka1 Qa5 24. bxc3 b3 25. Bxh7+ Kh8 26. a4 Qxc3+ 0-1

[Event "PNWCC Masters 2020"]
[Site "chess.com INT"]
[Date "2020.05.23"]
[Round "3.32"]
[White "Jin, Derek"]
[Black "Wen, Tommy"]
[Result "1/2-1/2"]
[WhiteElo "1880"]
[BlackElo "2014"]
[WhiteFideId "30920329"]
[BlackFideId "30952255"]
[EventDate "2020.05.23"]

1. e4 c5 2. Nf3 e6 3. d4 cxd4 4. Nxd4 a6 5. Bd3 Bc5 6. Nb3 Ba7 7. O-O Nc6 8. Nc3
Nf6 9. Re1 d6 10. Be3 b5 11. Bxa7 Rxa7 12. a3 e5 13. Bf1 Be6 14. Rc1 O-O 15. g3
Rd7 16. Nd5 Bxd5 17. exd5 Ne7 18. Bg2 Qb6 19. Qd2 Rc7 20. Na5 Nexd5 21. Bxd5
Nxd5 22. Qxd5 Qxa5 23. Qxd6 Rxc2 24. Qxe5 Qd2 1/2-1/2

[Event "PNWCC Masters 2020"]
[Site "chess.com INT"]
[Date "2020.05.23"]
[Round "3.33"]
[White "Hoesley, Aria"]
[Black "Kondakov, Adrian"]
[Result "0-1"]
[BlackTitle "CM"]
[WhiteElo "1885"]
[BlackElo "1986"]
[WhiteFideId "30918669"]
[BlackFideId "30920302"]
[EventDate "2020.05.23"]

1. e4 e5 2. Nc3 Nf6 3. g3 Nc6 4. Bg2 Bc5 5. d3 a6 6. Nge2 d6 7. h3 Ba7 8. O-O h6
9. Kh2 g5 10. a3 Be6 11. Rb1 Rg8 12. Be3 h5 13. Bxa7 Rxa7 14. Nd5 h4 15. d4 g4
16. Nxf6+ Qxf6 17. d5 gxh3 18. Bh1 Bg4 19. dxc6 Bf3 20. Qd3 Bxh1 21. Kxh1 bxc6
22. c4 Ra8 23. b4 Ke7 24. Kh2 Rg6 25. a4 Rag8 26. b5 axb5 27. axb5 cxb5 28. cxb5
Qe6 29. Rbc1 Qd7 30. Rb1 Rf6 31. Nc3 Rxf2+ 32. Rxf2 hxg3+ 33. Qxg3 Rxg3 34. Kxg3
Qe6 35. Nd5+ Kd8 36. Rf6 Qe8 37. Kxh3 Qh8+ 38. Kg3 Qh5 39. Kf2 Qh2+ 40. Ke3 Qc2
41. Rb4 Qc5+ 42. Kd2 Ke8 43. Rf1 Qa7 44. Rc1 Qf2+ 45. Kc3 Kd8 46. Kb3 Qf3+ 47.
Kb2 f5 48. Nxc7 fxe4 49. Ne6+ Ke7 50. b6 Qd3 51. Rc2 e3 52. b7 e2 53. b8=Q e1=Q
54. Rb7+ Kxe6 55. Qg8+ Kf5 56. Rf7+ Ke4 57. Qg2+ Kd4 58. Qg4+ Qee4 59. Qc8 Qb5+
60. Ka3 Qed3+ 61. Ka2 Qdb3+ 62. Ka1 Qb1# 0-1

[Event "PNWCC Masters 2020"]
[Site "chess.com INT"]
[Date "2020.05.23"]
[Round "3.34"]
[White "Jiang, Leo"]
[Black "Xie, Brandon"]
[Result "1-0"]
[WhiteElo "1592"]
[BlackElo "1852"]
[WhiteFideId "30952140"]
[BlackFideId "30941288"]
[EventDate "2020.05.23"]

1. d4 Nf6 2. c4 g6 3. f3 d5 4. cxd5 Nxd5 5. e4 Nb6 6. Nc3 Bg7 7. Be3 O-O 8. Qd2
Nc6 9. O-O-O a5 10. h4 a4 11. h5 Na5 12. hxg6 fxg6 13. Bh6 Rf7 14. Bxg7 Rxg7 15.
Nh3 Bxh3 16. Rxh3 c6 17. Be2 Nbc4 18. Bxc4+ Nxc4 19. Qe2 b5 20. d5 Qa5 21. f4 c5
22. f5 Rb8 23. fxg6 Rxg6 24. Qh5 Rg7 25. Rdh1 b4 26. Rg3 Rxg3 27. Qxh7+ Kf8 28.
Qh8+ Rg8 29. Rf1+ Ke8 30. Qxg8+ Kd7 31. Qe6+ Kc7 32. Qc6+ Kd8 33. Rf8# 1-0

[Event "PNWCC Masters 2020"]
[Site "chess.com INT"]
[Date "2020.05.23"]
[Round "3.35"]
[White "Hu, Merric"]
[Black "Liu, Erik"]
[Result "1-0"]
[WhiteElo "2080"]
[BlackElo "1615"]
[WhiteFideId "30906660"]
[BlackFideId "30960940"]
[EventDate "2020.05.23"]

1. e4 c5 2. Nf3 d6 3. d4 cxd4 4. Nxd4 Nf6 5. Nc3 a6 6. Be2 e6 7. O-O Be7 8. f4
e5 9. Nb3 exf4 10. Bxf4 Nc6 11. a4 Be6 12. Kh1 O-O 13. Nd4 Qb6 14. Nxe6 fxe6 15.
Bc4 Kh8 16. Bxe6 Qxb2 17. Qd2 Qb6 18. Rab1 Qc7 19. Nd5 Nxd5 20. Qxd5 Rad8 21.
Rb3 g5 22. Rh3 gxf4 23. Bf5 Rxf5 24. Qxf5 Bf8 25. Rxf4 Qg7 26. Rg3 Ne7 27. Rxg7
Nxf5 28. Rf7 Bg7 29. exf5 Be5 30. Rg4 b5 31. g3 d5 32. axb5 axb5 33. f6 d4 34.
Rgg7 Bxf6 35. Rxh7+ Kg8 36. Kg2 b4 37. Rd7 Re8 38. Rhf7 Bh8 39. Rfe7 Rc8 40. Rc7
Rd8 41. Rb7 Kf8 42. Re2 d3 43. cxd3 Rxd3 44. Rxb4 Bc3 45. Rb7 Rd2 46. Rxd2 Bxd2
47. h4 Kg8 48. Kh3 Bh6 49. g4 Bf8 50. g5 Bg7 51. Kg4 Be5 52. h5 Bg7 53. h6 Be5
54. Kh5 Kh8 55. Kg6 Bd6 56. Rd7 Bf8 57. Rd8 Kg8 58. h7+ Kh8 59. Rxf8# 1-0

[Event "PNWCC Masters 2020"]
[Site "chess.com INT"]
[Date "2020.05.23"]
[Round "3.36"]
[White "Feng, Andrew"]
[Black "Zong, Davis"]
[Result "0-1"]
[WhiteElo "1484"]
[BlackElo "2129"]
[WhiteFideId "30943256"]
[BlackFideId "30903955"]
[EventDate "2020.05.23"]

1. e4 e5 2. Nf3 Nc6 3. Bb5 a6 4. Ba4 Nf6 5. O-O Be7 6. Re1 b5 7. Bb3 O-O 8. a4
Rb8 9. d3 d6 10. Nc3 Bg4 11. h3 Bxf3 12. Qxf3 Nd4 13. Qd1 Nxb3 14. cxb3 b4 15.
Ne2 Re8 16. d4 Nxe4 17. Qc2 Nf6 18. dxe5 dxe5 19. Ng3 Bf8 20. Bg5 h6 21. Rad1
Bd6 22. Bxf6 Qxf6 23. Ne4 Qe6 24. Re3 f5 25. Nxd6 cxd6 26. Red3 Rbc8 27. Qd2 a5
28. Rxd6 Qxb3 29. Rd7 Rc2 30. Qd6 Qe6 31. Qd3 Rxb2 32. Qg3 Re7 33. R1d6 Qf7 34.
Rd8+ Kh7 35. Rc6 Rb3 36. f3 Re8 37. Rxe8 Qxe8 38. Rc7 Qg6 39. Qf2 e4 40. fxe4
Rb1+ 41. Kh2 Qd6+ 0-1

[Event "PNWCC Masters 2020"]
[Site "chess.com INT"]
[Date "2020.05.23"]
[Round "3.37"]
[White "Wang, Alex Yuxuan"]
[Black "Li, David Xinjian"]
[Result "1-0"]
[WhiteElo "1983"]
[BlackElo "1672"]
[WhiteFideId "30943876"]
[BlackFideId "30926319"]
[EventDate "2020.05.23"]

1. d4 Nf6 2. Nf3 d5 3. c4 e6 4. Nc3 c6 5. e3 Bd6 6. Qc2 Nbd7 7. Be2 b6 8. O-O c5
9. cxd5 exd5 10. Rd1 Bb7 11. b3 O-O 12. Bb2 Rc8 13. Qf5 Qe7 14. Rac1 Rfe8 15.
Bb5 Qe6 16. Qxe6 fxe6 17. Ne5 Red8 18. Nxd7 Nxd7 19. Na4 a6 20. Bxd7 Rxd7 21.
Nxb6 Rdc7 22. Nxc8 Rxc8 23. Ba3 Bb8 24. Rxc5 Rd8 25. Rc3 Rd7 26. Rdc1 Kf7 27.
Bb4 Kf6 28. a4 h6 29. Bc5 Kf7 30. b4 Rc7 31. Bb6 Rd7 32. b5 Bd6 33. Bc5 Bb8 34.
Rb3 Bc7 35. g3 g6 36. Kg2 h5 37. Ra1 Kf6 38. a5 Kf7 39. bxa6 Bxa6 40. Bb6 Bd6
41. Rc3 Ke8 42. Rc6 Bb7 43. Rc3 Ba6 44. Bc5 Bc7 45. Bb4 Bb8 46. Rc6 Bb7 47.
Rxe6+ Kf7 48. Re7+ Rxe7 49. Bxe7 Kxe7 50. Rb1 Ba6 51. Rxb8 Kd7 52. Rb6 Bc8 53.
a6 Kc7 54. a7 Bb7 55. Rxg6 Ba8 56. Rg7+ Kb6 57. h4 Bb7 58. g4 hxg4 59. h5 Kxa7
60. h6 Kb6 61. h7 Bc6 62. h8=Q Kb5 63. Qb8+ Kc4 64. Rc7 Kd3 65. Rxc6 g3 66. Qb1+
Kd2 67. Qc1+ Kd3 68. Qc2# 1-0

[Event "PNWCC Masters 2020"]
[Site "chess.com INT"]
[Date "2020.05.23"]
[Round "3.38"]
[White "Lu, Jason"]
[Black "Jones, Davey"]
[Result "1-0"]
[WhiteElo "2024"]
[BlackElo "1593"]
[WhiteFideId "30938040"]
[BlackFideId "2088053"]
[EventDate "2020.05.23"]

1. e4 c5 2. Nf3 a6 3. d4 cxd4 4. Nxd4 e6 5. c4 Nf6 6. Nc3 Qc7 7. Be2 Bb4 8. Qd3
O-O 9. f3 b6 10. O-O Bc5 11. Be3 Bb7 12. a3 Nc6 13. b4 Bxd4 14. Bxd4 Nxd4 15.
Qxd4 d6 16. Rfd1 Rfd8 17. Na4 b5 18. cxb5 axb5 19. Bxb5 Ba6 20. Bxa6 Rxa6 21. b5
Raa8 22. Nc3 Rac8 23. Rac1 Qa5 24. Qa4 Qb6+ 25. Qd4 Qa5 26. Qa4 Qb6+ 27. Kh1 Qe3
28. Qd4 Qf4 29. Ne2 Qg5 30. a4 d5 31. e5 Nd7 32. f4 Qg4 33. Qe3 Qh4 34. Rc6 Rxc6
35. bxc6 Nf8 36. Qa7 Ng6 37. c7 Rc8 38. Qb7 Ne7 39. Kg1 Qg4 40. Rd2 h6 41. a5
Qf5 42. a6 Qe4 43. Qb6 Nf5 44. g3 Rxc7 45. a7 Rc1+ 46. Nxc1 Qe1+ 47. Kg2 Qxd2+
48. Kh3 Qxc1 49. a8=Q+ Kh7 50. Qf2 Qc3 51. Qaa2 Kg8 52. Qad2 Qb3 53. Qc2 Qa3 54.
Qb2 Qd3 55. Qfe2 1-0

[Event "PNWCC Masters 2020"]
[Site "chess.com INT"]
[Date "2020.05.23"]
[Round "3.39"]
[White "Samant, Neil"]
[Black "Xu, Jayden"]
[Result "1-0"]
[WhiteElo "1764"]
[BlackElo "1683"]
[WhiteFideId "30951860"]
[BlackFideId "30941423"]
[EventDate "2020.05.23"]

1. e4 c5 2. Nf3 d6 3. Bb5+ Bd7 4. Bxd7+ Nxd7 5. O-O Ngf6 6. Qe2 g6 7. c3 Bg7 8.
d4 O-O 9. Nbd2 a6 10. e5 Nd5 11. Qe4 N5b6 12. e6 Nf6 13. exf7+ Rxf7 14. Qe6 h6
15. dxc5 dxc5 16. Ne5 Qd5 17. Qxf7+ Qxf7 18. Nxf7 Kxf7 19. Nb3 Rc8 20. Na5 Rc7
21. Bf4 Rd7 22. Rad1 Nbd5 23. Be5 b6 24. Nc6 b5 25. Bg3 Rb7 26. Nd8+ 1-0

[Event "PNWCC Masters 2020"]
[Site "chess.com INT"]
[Date "2020.05.23"]
[Round "3.41"]
[White "Tu, Lawrence"]
[Black "Yang, Maxwell"]
[Result "1-0"]
[WhiteElo "1554"]
[BlackElo "1075"]
[WhiteFideId "30935407"]
[BlackFideId "30965268"]
[EventDate "2020.05.23"]

1. c4 Nf6 2. Nc3 g6 3. d4 d5 4. cxd5 Nxd5 5. e4 Nxc3 6. bxc3 Bg7 7. Nf3 c5 8.
Be2 Nc6 9. Be3 b6 10. O-O Bb7 11. Rb1 Qc7 12. Qb3 Rb8 13. Rfd1 O-O 14. d5 Na5
15. Qc2 c4 16. g3 Bc8 17. Bf4 Qb7 18. Bxb8 Qxb8 19. Qa4 Qc7 20. Nd4 Rd8 21. Nc6
Nxc6 22. dxc6 Rd6 23. Rxd6 exd6 24. Qxc4 Be6 25. Qa4 Bxc3 26. Rc1 Bf6 27. Qa6
Bc8 28. Qa4 a5 29. Kg2 h6 30. Bb5 Kf8 31. Qc4 Be6 32. Qe2 g5 33. a4 Kg7 34. Ba6
d5 35. Bb7 dxe4 36. Qxe4 Be5 37. Rb1 f5 38. Qe3 f4 39. Qxb6 f3+ 40. Kg1 Qf7 41.
Qe3 Bc7 42. Re1 Bd5 43. Qe7 Kg6 44. Qxf7+ Kxf7 45. Re3 Kf6 46. Kf1 h5 47. Ke1 g4
48. Kd2 Kf7 49. Kc3 Kf6 50. Kd4 Bf7 51. Kc5 Ba2 52. Kb5 Bd5 53. Re8 Bf7 54. Rc8
Bd6 55. Kxa5 Be6 56. Rh8 Bc7+ 57. Kb5 Kg6 58. a5 Kg5 59. a6 Be5 60. a7 Bxh8 61.
a8=Q Be5 62. Qe8 Kf5 63. Qxh5+ Ke4 64. c7+ Kd4 65. c8=Q Bxc8 66. Bxc8 Bd6 67.
Qxg4+ Kd3 68. Qxf3+ Kd4 69. Qd1+ Ke5 70. f4+ Ke4 71. Qxd6 Kf3 72. Qd5+ Kf2 73.
Bb7 Ke3 74. Qe4+ Kf2 75. Qf3+ Ke1 76. Qg2 Kd1 77. Bf3+ Kc1 78. Qe2 Kb1 79. Kb4
Ka1 80. Kb3 Kb1 81. Qb2# 1-0

[Event "PNWCC Masters 2020"]
[Site "chess.com INT"]
[Date "2020.05.24"]
[Round "4.1"]
[White "Vitiugov, Nikita"]
[Black "Sevian, Samuel"]
[Result "1/2-1/2"]
[WhiteTitle "GM"]
[BlackTitle "GM"]
[WhiteElo "2722"]
[BlackElo "2660"]
[WhiteFideId "4152956"]
[BlackFideId "2040506"]
[EventDate "2020.05.23"]

1. e4 c5 2. Nf3 Nc6 3. d4 cxd4 4. Nxd4 Nf6 5. Nc3 e5 6. Ndb5 d6 7. Bg5 a6 8. Na3
b5 9. Nd5 Be7 10. Bxf6 Bxf6 11. c3 Rb8 12. Nc2 Bg5 13. a3 O-O 14. h4 Bh6 15. g3
a5 16. Bg2 Ne7 17. Nce3 Bxe3 18. Nxe3 Be6 19. O-O 1/2-1/2

[Event "PNWCC Masters 2020"]
[Site "chess.com INT"]
[Date "2020.05.24"]
[Round "4.2"]
[White "Belous, Vladimir"]
[Black "Xiong, Jeffery"]
[Result "1/2-1/2"]
[WhiteTitle "GM"]
[BlackTitle "GM"]
[WhiteElo "2524"]
[BlackElo "2709"]
[WhiteFideId "4174003"]
[BlackFideId "2047640"]
[EventDate "2020.05.23"]

1. c4 e5 2. g3 Nf6 3. Bg2 d5 4. cxd5 Nxd5 5. Nf3 Nc6 6. O-O Nb6 7. b3 Be6 8. Bb2
f6 9. Nc3 Qd7 10. Rc1 O-O-O 11. d3 Bh3 12. Bxh3 Qxh3 13. Ne4 h5 14. Rxc6 bxc6
15. Qc2 h4 16. Nxh4 Rxh4 17. gxh4 Nd5 18. Bc1 Kb7 19. Bd2 f5 20. Ng3 f4 21. Ne4
Qg4+ 22. Kh1 Qxe2 23. Rc1 c5 24. Ba5 Qf3+ 25. Kg1 Qh3 26. Kh1 Qf3+ 27. Kg1 Qh3
28. Kh1 Qf3+ 1/2-1/2

[Event "PNWCC Masters 2020"]
[Site "chess.com INT"]
[Date "2020.05.24"]
[Round "4.3"]
[White "Kuzubov, Yuriy"]
[Black "Bosiocic, Marin"]
[Result "1/2-1/2"]
[WhiteTitle "GM"]
[BlackTitle "GM"]
[WhiteElo "2643"]
[BlackElo "2625"]
[WhiteFideId "14112906"]
[BlackFideId "14507927"]
[EventDate "2020.05.23"]

1. c4 d6 2. d4 e5 3. Nc3 exd4 4. Qxd4 Nc6 5. Qd2 Be6 6. e4 g6 7. b3 Bg7 8. Bb2
Nf6 9. Bd3 Ng4 10. Nge2 Nce5 11. Ng3 Bh6 12. Qc2 Qf6 13. Rd1 Qh4 14. Bc1 Bxc1
15. Qxc1 O-O 16. Nce2 f5 17. exf5 Bxf5 18. Bxf5 gxf5 19. f4 Rae8 20. fxe5 f4 21.
Rd4 dxe5 22. Re4 Rd8 23. h3 Nf2 24. O-O Nxe4 25. Nxe4 Rd3 26. Nf2 Re3 27. Nc3
Rg3 28. Nce4 f3 29. Rd1 Rxg2+ 30. Kf1 Kh8 31. Qc3 Qf4 32. Rd3 Qf5 33. Re3 Qf4
34. Rd3 Qf5 35. Re3 Qf4 36. Ng4 Rxa2 37. Qxe5+ Qxe5 38. Nxe5 f2 39. Nf3 a5 40.
Nxf2 Rb2 41. Ke1 c6 42. c5 Rc2 43. Ne4 Re8 44. Nfd2 Rxc5 45. Kd1 Rce5 46. Kc2 b5
47. Rc3 Rxe4 48. Nxe4 Rxe4 49. Rxc6 Re5 50. Ra6 b4 51. Ra7 Rh5 52. h4 Rxh4 53.
Rxa5 Kg7 54. Kd3 Rg4 55. Rb5 Kg6 56. Rb6+ Kg5 57. Rb5+ Kh4 58. Ke2 h5 59. Kf2
Rf4+ 60. Ke3 Rg4 61. Kf2 Rf4+ 62. Ke3 Rg4 63. Kf2 1/2-1/2

[Event "PNWCC Masters 2020"]
[Site "chess.com INT"]
[Date "2020.05.24"]
[Round "4.4"]
[White "Aditya, Mittal"]
[Black "Postny, Evgeny"]
[Result "0-1"]
[WhiteTitle "IM"]
[BlackTitle "GM"]
[WhiteElo "2438"]
[BlackElo "2600"]
[WhiteFideId "35042025"]
[BlackFideId "2804344"]
[EventDate "2020.05.23"]

1. Nf3 Nf6 2. g3 b5 3. e3 a6 4. Bg2 Bb7 5. O-O e6 6. b3 Be7 7. Bb2 O-O 8. d3 d5
9. Nbd2 c5 10. Qe2 Nc6 11. c4 Rc8 12. Rfd1 d4 13. exd4 cxd4 14. Ne5 Qb6 15. Ndf3
Nxe5 16. Qxe5 Bxf3 17. Bxf3 Rfd8 18. Rac1 b4 19. Rc2 Bc5 20. Bc1 Nd7 21. Qh5 Be7
22. Re2 Rc5 23. Qh3 Bg5 24. Bb2 Ra5 25. Kg2 g6 26. Bc1 Bxc1 27. Rxc1 Ne5 28. Be4
f5 29. Bd5 Qd6 30. Qh4 Rxd5 31. cxd5 Qxd5+ 32. Kh3 Nf7 33. Qf6 f4 34. Rc7 Ng5+
35. Kh4 Nf3+ 36. Kh3 Ng1+ 37. Kg4 Qh5+ 38. Kxf4 Nxe2+ 39. Ke4 Qd5# 0-1

[Event "PNWCC Masters 2020"]
[Site "chess.com INT"]
[Date "2020.05.24"]
[Round "4.5"]
[White "Fedoseev, Vladimir3"]
[Black "Tang, Andrew"]
[Result "0-1"]
[WhiteTitle "GM"]
[BlackTitle "GM"]
[WhiteElo "2678"]
[BlackElo "2538"]
[WhiteFideId "24130737"]
[BlackFideId "2059630"]
[EventDate "2020.05.23"]

1. e4 e5 2. Nf3 Nc6 3. Bb5 a6 4. Ba4 Nf6 5. O-O Be7 6. Re1 b5 7. Bb3 d6 8. c3
O-O 9. h3 Bb7 10. d4 Re8 11. Nbd2 Bf8 12. a3 g6 13. Ba2 Bg7 14. b4 exd4 15. cxd4
a5 16. Ng5 d5 17. e5 Nxd4 18. Bb2 Nh5 19. Nxf7 Qh4 20. Ne4 Ne6 21. Nc5 Nxc5 22.
bxc5 Kxf7 23. c6 Bc8 24. Qxd5+ Be6 25. Qd7+ Re7 26. Bxe6+ Kf8 27. Qd5 Nf4 28.
Qf3 Rxe6 29. g3 Qxh3 30. Qxf4+ Kg8 31. Rad1 g5 32. Qe4 Rf8 33. Rd7 Rh6 34. Bd4
Qh2+ 35. Kf1 Qxg3 36. Rxg7+ Kxg7 37. e6+ Kg8 38. e7 Qh3+ 39. Ke2 Re8 40. Kd2 Rd6
41. Qe5 Qh6 42. Re3 Rxd4+ 43. Qxd4 Qxc6 44. Re5 h6 45. Qe3 b4 46. axb4 axb4 47.
Qb3+ Kg7 48. Qxb4 Qd6+ 49. Qxd6 cxd6 50. Re6 h5 51. Ke3 Kf7 52. Rxd6 Rxe7+ 53.
Kf3 Re6 54. Rd5 Kg6 55. Kg3 h4+ 56. Kg2 Rf6 57. f3 Kh5 58. Ra5 Kh6 59. Rc5 Rb6
60. Kh3 Rb3 61. Kg4 Rb4+ 62. Kh3 Rb2 63. Rc6+ Kh5 64. Rc8 Kg6 65. Rg8+ Kf6 66.
Rf8+ Kg7 67. Rf5 Kg6 68. Rf8 Rb1 69. Kg2 Rb2+ 70. Kg1 Kg7 71. Rf5 Kh6 72. Rf8
Kg6 73. Kh1 Rb7 74. Kg2 Rb2+ 75. Kg1 Rc2 76. Kh1 Rc5 77. Kg2 Kg7 78. Rd8 Kf6 79.
Rf8+ Ke5 80. Kh3 Rc2 81. Rg8 Kf5 82. Rf8+ Kg6 83. Rg8+ Kf6 84. Rf8+ Kg7 85. Rf5
Kg6 86. Rf8 Rc1 87. Kg2 Rc5 88. Rg8+ Kf7 89. Ra8 Kf6 90. Kh3 Rc1 91. Ra5 Rg1 92.
Kh2 Rg3 93. Ra8 Ke5 94. Rf8 Kd4 95. f4 g4 96. Rh8 Ke3 97. f5 Kf2 98. Rxh4 Rg2+
99. Kh1 Rg1+ 100. Kh2 g3+ 101. Kh3 Rh1+ 102. Kg4 0-1

[Event "PNWCC Masters 2020"]
[Site "chess.com INT"]
[Date "2020.05.24"]
[Round "4.6"]
[White "Predojevic, Borki"]
[Black "Polivanov, Anatoliy"]
[Result "1-0"]
[WhiteTitle "GM"]
[BlackTitle "IM"]
[WhiteElo "2601"]
[BlackElo "2452"]
[WhiteFideId "930849"]
[BlackFideId "14109468"]
[EventDate "2020.05.23"]

1. d4 e6 2. Nf3 f5 3. g3 Nf6 4. Bg2 Be7 5. O-O O-O 6. b3 Ne4 7. Bb2 Bf6 8. Nbd2
d5 9. c4 c6 10. Rc1 a5 11. a3 Nd7 12. Qc2 a4 13. b4 b5 14. c5 Qc7 15. Ne1 e5 16.
Ndf3 f4 17. dxe5 Nxe5 18. Nxe5 Bxe5 19. Bxe5 Qxe5 20. Nd3 Qg5 21. Nxf4 Rxf4 22.
gxf4 Qg6 23. f3 Bh3 24. e3 Bxg2 25. Qxg2 Qxg2+ 26. Kxg2 Nd2 27. Rfd1 Nc4 28. e4
Ne3+ 29. Kf2 Nxd1+ 30. Rxd1 Rd8 31. exd5 cxd5 32. c6 Kf7 33. c7 Rc8 34. Rc1 d4
35. Ke2 1-0

[Event "PNWCC Masters 2020"]
[Site "chess.com INT"]
[Date "2020.05.24"]
[Round "4.7"]
[White "Bernadskiy, Vitaliy"]
[Black "Tanenbaum, Zachary"]
[Result "1-0"]
[WhiteTitle "GM"]
[WhiteElo "2629"]
[BlackElo "2137"]
[WhiteFideId "14100371"]
[BlackFideId "2060850"]
[EventDate "2020.05.23"]

1. c4 e5 2. Nc3 Nf6 3. g3 Bc5 4. Bg2 Nc6 5. Nf3 e4 6. Nh4 Qe7 7. O-O d6 8. d3 e3
9. fxe3 Bxe3+ 10. Bxe3 Qxe3+ 11. Kh1 O-O 12. Rxf6 gxf6 13. Nd5 Qg5 14. Nxc7 Rb8
15. Nb5 Rd8 16. Nc3 f5 17. Qg1 Be6 18. Rf1 a6 19. Nd5 Ne7 20. Nf3 Qg7 21. Nxe7+
Kf8 22. Nd5 b5 23. b3 bxc4 24. dxc4 Re8 25. Nd4 Qg6 26. Qf2 a5 27. Nf4 Qf6 28.
Nfxe6+ fxe6 29. e4 a4 30. exf5 e5 31. Ne6+ Kg8 32. Bd5 Kh8 33. Qe3 Rg8 34. c5
dxc5 35. Nxc5 Rgd8 36. Be6 axb3 37. axb3 Ra8 38. Nd7 1-0

[Event "PNWCC Masters 2020"]
[Site "chess.com INT"]
[Date "2020.05.24"]
[Round "4.8"]
[White "Shabalov, Alexander"]
[Black "Vivekananthan, Anish"]
[Result "1-0"]
[WhiteTitle "GM"]
[BlackTitle "FM"]
[WhiteElo "2528"]
[BlackElo "2239"]
[WhiteFideId "2008572"]
[BlackFideId "2090775"]
[EventDate "2020.05.23"]

1. c4 c5 2. Nf3 Nc6 3. d4 cxd4 4. Nxd4 g6 5. e4 Nf6 6. Nc3 d6 7. Be2 Nxd4 8.
Qxd4 Bg7 9. Be3 O-O 10. Qd2 Be6 11. Rc1 Qa5 12. f3 Rfc8 13. b3 a6 14. Na4 Qxd2+
15. Kxd2 Nd7 16. g4 f5 17. exf5 gxf5 18. h3 Rcb8 19. Nc3 b5 20. gxf5 Bxc3+ 21.
Kxc3 Bxf5 22. Rcg1+ Kf7 23. Rg5 Bg6 24. h4 h6 25. Rg3 b4+ 26. Kd2 h5 27. Rhg1
Rg8 28. Rg5 Nf6 29. c5 dxc5 30. Bc4+ e6 31. Rxc5 Rgd8+ 32. Ke2 Nd5 33. Bxd5 Rxd5
34. Rc7+ Kf6 35. Bc1 Be8 36. Kf2 Ra5 37. Rgg7 Rxa2+ 38. Kg3 a5 39. Bg5+ Ke5 40.
Rc5+ Kd4 41. Rgc7 Bg6 42. Bf6+ Kd3 43. Rd7+ 1-0

[Event "PNWCC Masters 2020"]
[Site "chess.com INT"]
[Date "2020.05.24"]
[Round "4.9"]
[White "Tran, Tuan Minh"]
[Black "Chasin, Nico"]
[Result "1-0"]
[WhiteTitle "GM"]
[BlackTitle "FM"]
[WhiteElo "2518"]
[BlackElo "2303"]
[WhiteFideId "12401820"]
[BlackFideId "30908477"]
[EventDate "2020.05.23"]

1. d4 Nf6 2. c4 e6 3. Nf3 d5 4. Nc3 Bb4 5. cxd5 exd5 6. Bf4 O-O 7. e3 c6 8. Bd3
Bg4 9. Qb3 Qb6 10. Ne5 Bh5 11. O-O Nbd7 12. Na4 Qa5 13. a3 Bd2 14. Nxd7 Nxd7 15.
Qc2 c5 16. dxc5 b5 17. b4 Qxa4 18. Qxd2 Nf6 19. Be5 Ne4 20. Qb2 f6 21. Bd4 Bg6
22. Rfd1 Rfd8 23. h4 Kf7 24. Kh2 f5 25. Qe2 f4 26. Bxb5 Qb3 27. Rdb1 Qxb1 28.
Rxb1 Ng3 29. fxg3 fxg3+ 30. Kxg3 1-0

[Event "PNWCC Masters 2020"]
[Site "chess.com INT"]
[Date "2020.05.24"]
[Round "4.10"]
[White "Sinha, Sahil"]
[Black "Yoo, Christopher Woojin"]
[Result "1/2-1/2"]
[WhiteTitle "IM"]
[BlackTitle "IM"]
[WhiteElo "2324"]
[BlackElo "2455"]
[WhiteFideId "2065231"]
[BlackFideId "30909694"]
[EventDate "2020.05.23"]

1. d4 Nf6 2. c4 g6 3. Nc3 d5 4. cxd5 Nxd5 5. Bd2 Bg7 6. e4 Nxc3 7. Bxc3 O-O 8.
Qd2 Nd7 9. Bd3 Nb6 10. Bc2 c5 11. d5 e6 12. Bxg7 Kxg7 13. d6 Qf6 14. Nf3 Nc4 15.
Qe2 Qxb2 16. O-O Nxd6 17. Rab1 Qa3 18. Rfd1 Ne8 19. Ne5 b6 20. Rb3 Qa6 21. Qd2
Nf6 22. Rf3 Ng8 23. Rxf7+ Rxf7 24. Nxf7 Qb7 25. Ng5 1/2-1/2

[Event "PNWCC Masters 2020"]
[Site "chess.com INT"]
[Date "2020.05.24"]
[Round "4.11"]
[White "Murzin, Volodar"]
[Black "Estrada Nieto, Julian"]
[Result "1-0"]
[WhiteTitle "IM"]
[BlackTitle "IM"]
[WhiteElo "2465"]
[BlackElo "2280"]
[WhiteFideId "44155573"]
[BlackFideId "5101018"]
[EventDate "2020.05.23"]

1. d4 d5 2. Nf3 Nf6 3. Bf4 c5 4. e3 Nc6 5. Nbd2 Bg4 6. c3 e6 7. h3 Bh5 8. Qb3
Qc8 9. Ne5 Nxe5 10. dxe5 Nd7 11. c4 d4 12. g4 Bg6 13. Bg2 Rb8 14. Rd1 Be7 15.
O-O O-O 16. Bh2 dxe3 17. Qxe3 Bc2 18. Rde1 Ba4 19. f4 Bc6 20. Ne4 Qc7 21. f5
Nxe5 22. f6 gxf6 23. Nxf6+ Bxf6 24. Rxf6 Bxg2 25. Bxe5 1-0

[Event "PNWCC Masters 2020"]
[Site "chess.com INT"]
[Date "2020.05.24"]
[Round "4.12"]
[White "Sarkar, Justin"]
[Black "Ghazarian, Kirk"]
[Result "1/2-1/2"]
[WhiteTitle "IM"]
[WhiteElo "2380"]
[BlackElo "2181"]
[WhiteFideId "2010011"]
[BlackFideId "30908604"]
[EventDate "2020.05.23"]

1. e4 e6 2. d4 d5 3. Nc3 Bb4 4. e5 c5 5. a3 Bxc3+ 6. bxc3 Ne7 7. Nf3 Nbc6 8. Be2
Qa5 9. Bd2 c4 10. h4 Qa4 11. h5 h6 12. Nh2 Bd7 13. g4 O-O-O 14. f4 Rdf8 15. Nf3
f6 16. Be3 Be8 17. Kd2 Kb8 18. Qg1 Ka8 19. Qg3 Rhg8 20. Qh3 Bd7 21. Qh2 Rh8 22.
Qg3 Be8 23. Qh3 Bd7 24. Qg3 1/2-1/2